American History Groups of Things #2 - Statistics

General Stats
  • This quiz has been taken 151 times
  • The average score is 33 of 47
Answer Stats
- Answer % Correct
States that Seceded Alabama
96%
States that Seceded North Carolina
96%
States that Seceded South Carolina
96%
States that Seceded Texas
96%
States that Seceded Virginia
96%
States that Seceded Florida
95%
States that Seceded Georgia
94%
States that Seceded Tennessee
94%
Countries Declared War On Germany
92%
States that Seceded Mississippi
92%
Countries Declared War On Japan
90%
Buildings Attacked During 9/11 Pentagon
90%
Civil War Border States Kentucky
89%
States that Seceded Arkansas
88%
Catholic Presidents John F. Kennedy
88%
1st Amendment Rights Speech
87%
Countries Declared War On Spain
86%
States that Seceded Louisiana
85%
Civil War Border States Missouri
85%
Countries Declared War On United Kingdom
83%
Countries Declared War On Mexico
82%
Buildings Attacked During 9/11 North Tower
82%
Buildings Attacked During 9/11 South Tower
82%
Civil War Border States Maryland
81%
Countries Declared War On Italy
77%
Presidential Candidates in 1860 Abraham Lincoln
76%
Catholic Presidents Joe Biden
76%
Jefferson's "Inalienable Rights" Liberty
76%
House Speakers Since 2010 Nancy Pelosi
75%
Jefferson's "Inalienable Rights" Life
73%
1st Amendment Rights Religion
72%
1st Amendment Rights Press
68%
Jefferson's "Inalienable Rights" Pursuit of Happiness
66%
Civil War Border States Delaware
64%
1st Amendment Rights Public Assembly
56%
House Speakers Since 2010 Mike Johnson
53%
Countries Declared War On Austria-Hungary
45%
1st Amendment Rights Petition of Government
34%
Countries Declared War On Bulgaria
32%
Presidential Candidates in 1860 Stephen A. Douglas
32%
House Speakers Since 2010 Kevin McCarthy
30%
Countries Declared War On Hungary
26%
House Speakers Since 2010 Paul Ryan
25%
House Speakers Since 2010 John Boehner
24%
Countries Declared War On Romania
23%
Presidential Candidates in 1860 John C. Breckenridge
11%
Presidential Candidates in 1860 John Bell
8%
No matching quizzes found
Score Distribution
Percent of People with Each Score
Percentile by Number Answered
Your Score History
You have not taken this quiz